000
00269nam a2200097Ia 4500
008
120527s9999 xx 000 0 und d
100
_a
Dezert,Louis.
245
_a
Drawing for publication;a manual for technical illustrations.
260
_b
The architectural
942
_c
BK
999
_c
14810
_d
14810